000 00521nam a2200181Ia 4500
008 151018s9999 xx 000 0 und d
082 _bRBASDV7386
_a891.463
100 _aभीमराव कुलकर्णी
245 _aओंकार
250 _b1
260 _bदत्त
_c1968
300 _a358
600 _aभीमराव कुलकर्णी
630 _aओंकार
700 _aभीमराव कुलकर्णी
730 _aओंकार
942 _cBOOK
999 _c1009754
_d1009751